Catálogo público

Análisis moderno de los alimentos / (Record no. 171969)

MARC details
000 -CABECERA
campo de control de longitud fija 01072nam a2200325Ia 4500
001 - NÚMERO DE CONTROL
campo de control dia_1428
003 - IDENTIFICADOR DEL NÚMERO DE CONTROL
campo de control CHAP
005 - FECHA Y HORA DE LA ÚLTIMA TRANSACCIÓN
campo de control 20250617185108.0
008 - DATOS DE LONGITUD FIJA--INFORMACIÓN GENERAL
campo de control de longitud fija 220117s1971 xx 000 0 und d
010 ## - NÚMERO DE CONTROL DE LA BIBLIOTECA DEL CONGRESO
Número de control de LC 171969
020 ## - NÚMERO INTERNACIONAL ESTÁNDAR DEL LIBRO
Número Internacional Estándar del Libro 84-200-0297-6
040 ## - FUENTE DE LA CATALOGACIÓN
Centro/agencia transcriptor CHAP
082 ## - NÚMERO DE LA CLASIFICACIÓN DECIMAL DEWEY
Número de clasificación 614.31 H37 1971
100 ## - ENTRADA PRINCIPAL--NOMBRE DE PERSONA
Nombre de persona Hart, F. Leslie
9 (RLIN) 52924
245 ## - MENCIÓN DE TÍTULO
Título Análisis moderno de los alimentos /
Mención de responsabilidad, etc. F. Leslie Hart y Harry Johnstone Fisher ; traducción Justino Burgos González
260 ## - PUBLICACIÓN, DISTRIBUCIÓN, ETC.
Lugar de publicación, distribución, etc. España :
Nombre del editor, distribuidor, etc. Acribia,
Fecha de publicación, distribución, etc. 1971
300 ## - DESCRIPCIÓN FÍSICA
Extensión x, 619 p.
500 ## - NOTA GENERAL
Nota general Título original: Modern Food Analysis
503 ## - NOTA DE HISTORIA BIBLIOGRÁFICA (BK CF MU) [OBSOLETO]
Nota de historia bibliográfica I. 145623 (ej. 1) \ I. 188993 (ej. 2)
504 ## - NOTA DE BIBLIOGRAFÍA, ETC.
Nota de bibliografía, etc. Incluye bibliografía
590 ## - NOTA LOCAL (RLIN)
Nota local TX541 H37 1971
650 ## - PUNTO DE ACCESO ADICIONAL DE MATERIA--TÉRMINO DE MATERIA
Término de materia o nombre geográfico como elemento de entrada Alimentos
Subdivisión general Análisis
9 (RLIN) 4164
650 ## - PUNTO DE ACCESO ADICIONAL DE MATERIA--TÉRMINO DE MATERIA
Término de materia o nombre geográfico como elemento de entrada Ciencia y tecnología de los alimentos
9 (RLIN) 150740
700 ## - PUNTO DE ACCESO ADICIONAL--NOMBRE DE PERSONA
Nombre de persona Burgos González, Justino
9 (RLIN) 147760
700 ## - PUNTO DE ACCESO ADICIONAL--NOMBRE DE PERSONA
Nombre de persona Johnstone Fisher, Harry, coaut.
9 (RLIN) 150741
901 ## - ELEMENTOS DE DATOS A LOCAL LDA (RLIN)
a 614.31 H37 1971
902 ## - ELEMENTOS DE DATOS B LOCAL, LDB (RLIN)
a M
905 ## - ELEMENTOS DE DATOS E LOCAL, LDE (RLIN)
a 5232271971 sp aimn8222223322spa16
942 ## - ELEMENTOS DE PUNTO DE ACCESO ADICIONAL (KOHA)
Tipo de ítem Koha Libro
Fuente del sistema de clasificación o colocación Dewey Decimal Classification
Holdings
Estado de retiro Estado de pérdida Fuente del sistema de clasificación o colocación Estado dañado No para préstamo Código de colección Localización permanente Ubicación/localización actual Fecha de adquisición Información codificada de la localización en otra ubicación Total de préstamos Signatura topográfica completa Código de barras Fecha visto por última vez Número de copia Precio válido a partir de Tipo de ítem Koha Restricciones de uso Fuente de adquisición Coste, precio normal de compra Número de inventario
    Dewey Decimal Classification     General Ingenieria Agroindustrial Ingenieria Agroindustrial 18/01/2022 1   614.31 H37 1971 dia_004302 18/01/2022 2 18/01/2022 Libro        
    Dewey Decimal Classification     General Ingenieria Agroindustrial Ingenieria Agroindustrial 18/01/2022     614.31 H37 1971 dia_003055 18/01/2022 1   Libro Préstamo interno Compra Librería Gaona F. 1683 / R. 22473 (17/04/1989) 174861.90 145623